[Event "URU-ch sf"]
[Site "Montevideo"]
[Date "2022.02.27"]
[Round "4"]
[White "Romero, Juan"]
[Black "Benitez, Andres"]
[Result "0-1"]
[WhiteElo "1638"]
[BlackElo "1978"]
[PlyCount "50"]
[EventDate "2022.02.26"]
[EventType "swiss"]
[EventRounds "7"]
[EventCountry "URU"]
[SourceTitle "CBM 207 Extra"]
[Source "ChessBase"]
[SourceDate "2022.05.31"]
[SourceVersion "1"]
[SourceVersionDate "2022.05.31"]
[SourceQuality "1"]

1. e4 c5 2. Nf3 e6 3. Qe2 Nc6 4. c3 d5 5. exd5 Qxd5 6. g3 Nf6 7. Bg2 Be7 8. 0-0 Qh5 9. Re1 0-0 10. a3 a5 11. a4 Nd7 12. Na3 Bd6 13. Nb5 Bb8 14. d4 cxd4 15. Nfxd4 Qxe2 16. Rxe2 Nxd4 17. Nxd4 e5 18. Nf5 Re8 19. Rd2 Ra6 20. Bxb7 Bxb7 21. Rxd7 Bc6 22. Ne7+ Rxe7 23. Rxe7 Bd6 24. b4 axb4 25. Bg5 Kf8 0-1

[Event "Montevideo Duchamp Cup 5th"]
[Site "Montevideo"]
[Date "2022.02.16"]
[Round "6"]
[White "Romero, Juan"]
[Black "Salguero, Rafael"]
[Result "1-0"]
[WhiteElo "1638"]
[BlackElo "1948"]
[PlyCount "65"]
[EventDate "2022.02.12"]
[EventType "swiss"]
[EventRounds "9"]
[EventCountry "URU"]
[SourceTitle "CBM 206 Extra"]
[Source "ChessBase"]
[SourceDate "2022.03.31"]
[SourceVersion "1"]
[SourceVersionDate "2022.03.31"]
[SourceQuality "1"]

1. e4 c6 2. d4 d5 3. e5 Bf5 4. Nf3 e6 5. Be2 c5 6. c3 Nc6 7. 0-0 Nge7 8. Nh4 h6 9. Nxf5 Nxf5 10. g4 Nh4 11. Be3 Qb6 12. b3 cxd4 13. cxd4 Rc8 14. f4 g5 15. fxg5 hxg5 16. Nc3 a6 17. Na4 Qa7 18. Rc1 b5 19. Nc5 Ng6 20. a3 Nf4 21. b4 Bxc5 22. Rxc5 Qe7 23. a4 Na7 24. Rxc8+ Nxc8 25. axb5 axb5 26. Bxf4 gxf4 27. Qc2 Nb6 28. Qc6+ Nd7 29. Bxb5 Qxb4 30. Qxd7+ Kf8 31. Qd6+ Qxd6 32. exd6 Rh3 33. Rc1 1-0

[Event "Montevideo Duchamp Cup 5th"]
[Site "Montevideo"]
[Date "2022.02.15"]
[Round "5"]
[White "Labollita, Martin"]
[Black "Romero, Juan"]
[Result "1-0"]
[WhiteElo "2388"]
[BlackElo "1638"]
[PlyCount "25"]
[EventDate "2022.02.12"]
[EventType "swiss"]
[EventRounds "9"]
[EventCountry "URU"]
[SourceTitle "CBM 206 Extra"]
[Source "ChessBase"]
[SourceDate "2022.03.31"]
[SourceVersion "1"]
[SourceVersionDate "2022.03.31"]
[SourceQuality "1"]

1. e4 e6 2. Qe2 c5 3. g3 Nc6 4. Nf3 d6 5. Bg2 Be7 6. 0-0 Nf6 7. c3 0-0 8. d3 Re8 9. a3 b5 10. e5 Nd7 11. exd6 Bxd6 12. Ng5 Qc7 13. Qe4 1-0

[Event "Montevideo Wednesday at the Mystery 1st"]
[Site "Montevideo"]
[Date "2021.10.27"]
[Round "5"]
[White "Carbone, Pablo"]
[Black "Romero, Juan"]
[Result "0-1"]
[WhiteElo "1883"]
[BlackElo "1396"]
[PlyCount "94"]
[EventDate "2021.09.29"]
[EventType "swiss"]
[EventRounds "5"]
[EventCountry "URU"]
[SourceTitle "EXT 2023"]
[Source "ChessBase"]
[SourceDate "2022.10.05"]
[SourceVersion "1"]
[SourceVersionDate "2022.10.05"]
[SourceQuality "1"]

1. e4 e6 2. d4 d5 3. Nc3 Nc6 4. e5 f6 5. exf6 Nxf6 6. Nf3 Bd6 7. Nb5 0-0 8. Nxd6 Qxd6 9. Be2 e5 10. dxe5 Nxe5 11. 0-0 Neg4 12. c4 Be6 13. g3 dxc4 14. Qxd6 cxd6 15. Bf4 Rad8 16. h3 Nh6 17. Ng5 Bd5 18. Rad1 Rfe8 19. Rd2 Nf7 20. Rfd1 Nxg5 21. Bxg5 Rxe2 22. Rxd5 Rxb2 23. Ra5 a6 24. Ra3 d5 25. Be3 Kf7 26. Bd4 Rc2 27. Kf1 Ne8 28. Rf3+ Nf6 29. Rb1 Rd7 30. a3 Kg6 31. Rb6 Rf7 32. g4 h6 33. h4 Rf8 34. g5 hxg5 35. hxg5 Kxg5 36. Rxb7 g6 37. Rb6 Nd7 38. Rg3+ Kf4 39. Rbxg6 Ne5 40. Rxa6 Ke4 41. Bc5 Rf5 42. Re3+ Kf4 43. Re1 Nd3 44. Be3+ Kf3 45. Rd1 Nxf2 46. Bxf2 Rxf2+ 47. Kg1 Rg5+ 0-1

[Event "Montevideo Trebejos op 10"]
[Site "Montevideo"]
[Date "2021.10.22"]
[Round "3"]
[White "Romero, Juan"]
[Black "Avedisian, Alexander"]
[Result "1/2-1/2"]
[WhiteElo "1443"]
[BlackElo "1935"]
[PlyCount "85"]
[EventDate "2021.10.15"]
[EventType "swiss"]
[EventRounds "6"]
[EventCountry "URU"]
[SourceTitle "EXT 2023"]
[Source "ChessBase"]
[SourceDate "2022.10.05"]
[SourceVersion "1"]
[SourceVersionDate "2022.10.05"]
[SourceQuality "1"]

1. e4 c5 2. Nf3 g6 3. d4 cxd4 4. Qxd4 Nf6 5. Nc3 Nc6 6. Qa4 d6 7. e5 dxe5 8. Nxe5 Qd4 9. Nxc6 Qxa4 10. Nxa4 bxc6 11. Be3 Bg7 12. 0-0-0 0-0 13. Bc4 Nd5 14. Bc5 Re8 15. Rxd5 Be6 16. Rd4 Bxd4 17. Bxe6 Bxc5 18. Nxc5 fxe6 19. Nxe6 Rec8 20. Rd1 h6 21. Nc5 Rd8 22. Re1 Kf7 23. Nd3 Rac8 24. Re4 Rd5 25. Kd2 Kf6 26. Ke3 a5 27. g4 Rcd8 28. h4 g5 29. hxg5+ hxg5 30. f4 gxf4+ 31. Nxf4 Rb5 32. b3 Rd6 33. c4 Rb7 34. g5+ Kf5 35. Nd3 Ra7 36. Re5+ Kg6 37. c5 Rd8 38. Nf4+ Kf7 39. g6+ Kg8 40. Ne6 Rb8 41. Rf5 Raa8 42. Rf7 a4 43. Rg7+ 1/2-1/2

[Event "Montevideo Trebejos op 09"]
[Site "Montevideo"]
[Date "2021.09.12"]
[Round "4"]
[White "Ramos Correa, Gabriel"]
[Black "Romero, Juan"]
[Result "1-0"]
[WhiteElo "1844"]
[BlackElo "1396"]
[PlyCount "65"]
[EventDate "2021.09.10"]
[EventType "swiss"]
[EventRounds "5"]
[EventCountry "URU"]
[SourceTitle "CBM 204 Extra"]
[Source "ChessBase"]
[SourceDate "2021.11.30"]
[SourceVersion "1"]
[SourceVersionDate "2021.11.30"]
[SourceQuality "1"]

1. d4 d5 2. c4 e6 3. Nc3 Nf6 4. Bg5 Nbd7 5. e3 c6 6. Nf3 Qa5 7. Nd2 dxc4 8. Bxf6 Nxf6 9. Nxc4 Qc7 10. Bd3 Be7 11. 0-0 0-0 12. Rc1 c5 13. Ne5 Qd6 14. Ne4 Nxe4 15. Bxe4 f5 16. Bf3 Rd8 17. Rxc5 Qa6 18. Rc1 Qxa2 19. Qc2 Qa5 20. Qb3 Qb4 21. Qa2 Qd6 22. Rc3 Bf6 23. Nd3 g5 24. Nc5 b6 25. Bxa8 bxc5 26. Rxc5 f4 27. Rfc1 Bd7 28. Bc6 fxe3 29. fxe3 Bxd4 30. exd4 Bxc6 31. Rxg5+ Kh8 32. Qxa7 Rd7 33. Rxc6 1-0

[Event "Online Olym Div3 D"]
[Site "Chess.com INT"]
[Date "2021.08.27"]
[Round "1.5"]
[White "Romero, Juan"]
[Black "Hernandez Lora, Miguel Angel"]
[Result "1-0"]
[WhiteElo "1410"]
[BlackElo "1951"]
[PlyCount "29"]
[EventDate "2021.08.27"]
[EventType "team-tourn (rapid)"]
[EventRounds "9"]
[EventCountry "USA"]
[SourceTitle "CBM 204 Extra"]
[Source "ChessBase"]
[SourceDate "2021.11.30"]
[SourceVersion "1"]
[SourceVersionDate "2021.11.30"]
[SourceQuality "1"]
[WhiteTeam "Uruguay"]
[BlackTeam "Dominican Republic"]
[WhiteTeamCountry "URU"]
[BlackTeamCountry "DOM"]

1. e4 c5 2. Nf3 e6 3. d4 cxd4 4. Nxd4 Nf6 5. Nc3 Nc6 6. Nxc6 bxc6 7. Bg5 Be7 8. e5 Nd5 9. Bxe7 Qxe7 10. Nxd5 cxd5 11. Qg4 0-0 12. Bd3 d6 13. f4 dxe5 14. fxe5 f5 15. Qd4 1-0

[Event "Montevideo Trebejos op 08"]
[Site "Montevideo"]
[Date "2021.08.20"]
[Round "1"]
[White "Romero, Juan"]
[Black "Montoli, Sebastian"]
[Result "0-1"]
[WhiteElo "1410"]
[BlackElo "1845"]
[PlyCount "108"]
[EventDate "2021.08.20"]
[EventType "swiss"]
[EventRounds "5"]
[EventCountry "URU"]
[SourceTitle "CBM 204 Extra"]
[Source "ChessBase"]
[SourceDate "2021.11.30"]
[SourceVersion "1"]
[SourceVersionDate "2021.11.30"]
[SourceQuality "1"]

1. e4 e5 2. Nf3 Nc6 3. Bc4 Bc5 4. c3 Nf6 5. d4 exd4 6. cxd4 Bb4+ 7. Bd2 Bxd2+ 8. Nbxd2 d5 9. exd5 Nxd5 10. Qb3 Nce7 11. Ne5 0-0 12. Ndf3 Qd6 13. Nd2 Be6 14. Ne4 Qb4+ 15. Qxb4 Nxb4 16. Bxe6 fxe6 17. 0-0 Nbc6 18. Nc5 Nxd4 19. Rfd1 Rf5 20. Rxd4 Rxe5 21. Rd7 Rxc5 22. Rxe7 e5 23. b4 Kf8 24. Rd7 Rb5 25. Rxc7 Rd8 26. a3 a5 27. bxa5 Rd2 28. a4 Rbb2 29. Rf1 Rd5 30. f4 e4 31. Rf2 Rd1+ 32. Rf1 Rdd2 33. Rfc1 Rxg2+ 34. Kf1 Rgf2+ 35. Kg1 Rg2+ 36. Kf1 Rxh2 37. Kg1 Rbg2+ 38. Kf1 e3 39. Rc8+ Kf7 40. R1c7+ Ke6 41. Re8+ Kd6 42. Rce7 Ra2 43. Re6+ Kd5 44. Re5+ Kc6 45. R5e6+ Kc5 46. Re5+ Kd4 47. Rd8+ Kc4 48. Re4+ Kc5 49. Rc8+ Kd6 50. Rd4+ Ke6 51. Re8+ Kf7 52. Red8 Raf2+ 53. Kg1 Rfg2+ 54. Kf1 e2+ 0-1

[Event "Montevideo Duchamp Cup 4th"]
[Site "Montevideo"]
[Date "2020.02.13"]
[Round "7"]
[White "Romero, Juan"]
[Black "Rebollo, Alvaro"]
[Result "0-1"]
[WhiteElo "1431"]
[BlackElo "1545"]
[PlyCount "74"]
[EventDate "2020.02.08"]
[EventType "swiss"]
[EventRounds "9"]
[EventCountry "URU"]
[SourceTitle "CBM 194 Extra"]
[Source "ChessBase"]
[SourceDate "2020.03.31"]
[SourceVersion "1"]
[SourceVersionDate "2020.03.31"]
[SourceQuality "1"]

1. e4 c5 2. d4 cxd4 3. c3 dxc3 4. Nxc3 Nc6 5. Nf3 e5 6. Bc4 h6 7. Qb3 Bc5 8. Bxf7+ Kf8 9. Bg6 Qf6 10. Bf5 Nge7 11. Nd5 Nxd5 12. Qxd5 d6 13. Bxc8 Rxc8 14. 0-0 Qf7 15. Be3 Qxd5 16. exd5 Ne7 17. Rac1 b6 18. Rfd1 Kf7 19. Bxc5 Rxc5 20. Rxc5 bxc5 21. Ne1 Rb8 22. b3 Rb4 23. Nc2 Rb7 24. Ne3 Nc8 25. Nc4 Ke7 26. Re1 Kf6 27. Re3 g5 28. Rf3+ Kg7 29. Na5 Rf7 30. Rxf7+ Kxf7 31. Nc4 Ke7 32. Kf1 Nb6 33. Ke2 Nxd5 34. Kf3 Nf6 35. Nd2 d5 36. Kg3 Ke6 37. a3 Kf5 0-1

[Event "Montevideo Duchamp Cup 4th"]
[Site "Montevideo"]
[Date "2020.02.08"]
[Round "1"]
[White "Soto, Nicolas"]
[Black "Romero, Juan"]
[Result "1-0"]
[WhiteElo "2002"]
[BlackElo "1431"]
[PlyCount "33"]
[EventDate "2020.02.08"]
[EventType "swiss"]
[EventRounds "9"]
[EventCountry "URU"]
[SourceTitle "CBM 194 Extra"]
[Source "ChessBase"]
[SourceDate "2020.03.31"]
[SourceVersion "1"]
[SourceVersionDate "2020.03.31"]
[SourceQuality "1"]

1. e4 c5 2. Nf3 Nc6 3. Bb5 Nd4 4. Nxd4 cxd4 5. 0-0 e5 6. d3 Nf6 7. f4 Bd6 8. Nd2 Qe7 9. Nc4 Bc7 10. fxe5 Bxe5 11. Nxe5 Qxe5 12. Rf5 Qe6 13. Bc4 Qb6 14. Re5+ Kd8 15. Bd2 Qd6 16. Rg5 h5 17. e5 1-0

[Event "Montevideo Trebejos op U1700"]
[Site "Montevideo"]
[Date "2020.01.27"]
[Round "3"]
[White "Romero, Juan"]
[Black "Roman, Enrique"]
[Result "1-0"]
[WhiteElo "1431"]
[BlackElo "1237"]
[PlyCount "115"]
[EventDate "2020.01.20"]
[EventType "swiss"]
[EventRounds "6"]
[EventCountry "URU"]
[SourceTitle "CBM 195 Extra"]
[Source "ChessBase"]
[SourceDate "2020.05.31"]
[SourceVersion "1"]
[SourceVersionDate "2020.05.31"]
[SourceQuality "1"]

1. e4 e6 2. d4 d5 3. exd5 exd5 4. c4 Nf6 5. Nf3 c6 6. Be2 Bg4 7. 0-0 h6 8. Re1 Be7 9. Nc3 0-0 10. Ne5 Bxe2 11. Qxe2 Re8 12. Qd3 Nbd7 13. cxd5 Nxe5 14. dxe5 Nxd5 15. Nxd5 Qxd5 16. Qg3 Kh7 17. Bf4 Rad8 18. Be3 Bc5 19. Bxc5 Qxc5 20. Qf4 Re7 21. Qf5+ Kg8 22. Rad1 Rde8 23. Rc1 Qb5 24. Qc2 Rxe5 25. Rxe5 Rxe5 26. Rd1 Qb6 27. h3 Re6 28. Rd7 Re8 29. Qc4 Re6 30. Qd3 Re8 31. Qc4 Rf8 32. b3 Qa5 33. Rxb7 Qxa2 34. Rc7 Qa1+ 35. Qf1 Qxf1+ 36. Kxf1 Rb8 37. Rxc6 Rxb3 38. Rc8+ Kh7 39. Rc7 Rb1+ 40. Ke2 a5 41. Rxf7 a4 42. Ra7 Rb4 43. g3 Kg6 44. f4 Kf5 45. Rf7+ Ke4 46. Ra7 Kd4 47. Kd2 Rc4 48. Rxg7 a3 49. Rd7+ Kc5 50. Rc7+ Kb4 51. Rxc4+ Kxc4 52. Kc2 Kd4 53. g4 Ke4 54. g5 hxg5 55. fxg5 Kf5 56. h4 Kg6 57. Kb3 Kh5 58. Kxa3 1-0